Online
Catalog

Métodos cuantitativos en la toma de decisiones / (Record no. 37795)

MARC details
000 -CABECERA
campo de control de longitud fija 01692nam a2200349 a 4500
001 - NÚMERO DE CONTROL
campo de control 000038305
003 - IDENTIFICADOR DEL NÚMERO DE CONTROL
campo de control OSt
005 - FECHA Y HORA DE LA ÚLTIMA TRANSACCIÓN
campo de control 20251120073733.0
007 - CAMPO FIJO DE DESCRIPCIÓN FÍSICA--INFORMACIÓN GENERAL
campo de control de longitud fija ta
008 - DATOS DE LONGITUD FIJA--INFORMACIÓN GENERAL
campo de control de longitud fija 130408s1989 dr ad 001 0dspa d
040 ## - FUENTE DE LA CATALOGACIÓN
Centro catalogador/agencia de origen DO-SdBNP
Lengua de catalogación spa
Centro/agencia transcriptor BNPHU
Normas de descripción rda
041 ## - CÓDIGO DE LENGUA
Código de lengua original spa
082 #4 - NÚMERO DE LA CLASIFICACIÓN DECIMAL DEWEY
Número de clasificación 658.4033
Número de documento/Ítem L865m
Número de edición 22
100 1# - ENTRADA PRINCIPAL--NOMBRE DE PERSONA
Nombre de persona Lora, Ricardo
9 (RLIN) 58681
Fechas asociadas al nombre 1941-
Término indicativo de función/relación autor
245 10 - MENCIÓN DE TÍTULO
Título Métodos cuantitativos en la toma de decisiones /
Mención de responsabilidad, etc. Ricardo Lora, Ramón Grullón
250 ## - MENCIÓN DE EDICIÓN
Mención de edición 2a. ed.
264 ## - PRODUCCIÓN, PUBLICACIÓN, DISTRIBUCIÓN, FABRICACIÓN Y COPYRIGHT
Producción, publicación, distribución, fabricación y copyright Santiago de los Caballeros :
Nombre del de productor, editor, distribuidor, fabricante PCMM ,
Fecha de producción, publicación, distribución, fabricación o copyright 1989.
300 ## - DESCRIPCIÓN FÍSICA
Extensión 334 páginas :
Otras características físicas ilustraciones, gráficos ;
Dimensiones 21 cm.
336 ## - TIPO DE CONTENIDO
Fuente rdacontent
Término de tipo de contenido texto
Código de tipo de contenido txt
337 ## - TIPO DE MEDIO
Fuente rdamedia
Nombre/término del tipo de medio sin mediación
Código del tipo de medio n
338 ## - TIPO DE SOPORTE
Fuente rdacarrier
Nombre/término del tipo de soporte volumen
Código del tipo de soporte nc
490 0# - MENCIÓN DE SERIE
Mención de serie Textos
500 ## - NOTA GENERAL
Nota general Incluye datos biográficos del autor en la solapa de la contracubierta
504 ## - NOTA DE BIBLIOGRAFÍA, ETC.
Nota de bibliografía, etc. Bibliografía: p. 333-334
505 2# - NOTA DE CONTENIDO CON FORMATO
Nota de contenido con formato Capítulo 1 :
Título Visión global de la toma de decisiones en el mundo de hoy.-
Información miscelánea Capitulo. 2.
Título Punto de equilibrio.-
Información miscelánea Capitulo 3.
Título Programación lineal.-
Información miscelánea Capitulo 4.
Título Problema dual y análisis de sensibilidad.-
Información miscelánea Capitulo 5.
Título Modelos de transportación y de asignación.-
Información miscelánea Capitulo 6.
Título Métodos gráficos de planeación de proyectos.-
Información miscelánea Capitulo7.
Título Decisiones y árbol de decisiones.-
-- Apéndice A.. Matrices y vectores.-
-- Apéndice B. Fundamentos de probabilidad
-- Tabla Normal Estándar.
-- Bibliografía
590 ## - NOTA LOCAL (RLIN)
Nota local Inventariado, 2023 /LP
650 ## - PUNTO DE ACCESO ADICIONAL DE MATERIA--TÉRMINO DE MATERIA
Término de materia o nombre geográfico como elemento de entrada Toma de decisiones
Subdivisión general Modelos matemáticos
9 (RLIN) 77176
700 12 - PUNTO DE ACCESO ADICIONAL--NOMBRE DE PERSONA
Nombre de persona Grullón , Ramón ,
9 (RLIN) 64667
Fechas asociadas al nombre 1945-
Término indicativo de función/relación autor
710 2# - PUNTO DE ACCESO ADICIONAL--NOMBRE DE ENTIDAD CORPORATIVA
Nombre de entidad corporativa o nombre de jurisdicción como elemento de entrada Pontificia Universidad Católica Madre y Maestra
9 (RLIN) 843
910 ## - DATOS DE OPCIÓN DEL USUARIO (OCLC)
Datos de opción del usuario Validado. Control de calidad MFF
942 ## - ELEMENTOS DE PUNTO DE ACCESO ADICIONAL (KOHA)
Fuente del sistema de clasificación o colocación Dewey Decimal Classification
Tipo de ítem Koha Libro
Holdings
Estado de retiro Estado de pérdida Fuente del sistema de clasificación o colocación Restricciones de uso No para préstamo Código de colección Localización permanente Ubicación/localización actual Ubicación en estantería Fecha de adquisición Total de préstamos Signatura topográfica completa Código de barras Fecha visto por última vez Precio válido a partir de Tipo de ítem Koha Fuente de adquisición Número de copia
    Dewey Decimal Classification Excluido de préstamo   Patrimonio Dominicano Biblioteca Nacional Pedro Henríquez Ureña Biblioteca Nacional Pedro Henríquez Ureña Depósito 08.04.2013   BNPHU PD 658.4033 L865m 1989 38305-10 25.06.2020 25.06.2020 Libro    
    Dewey Decimal Classification Excluido de préstamo   Patrimonio Dominicano Biblioteca Nacional Pedro Henríquez Ureña Biblioteca Nacional Pedro Henríquez Ureña Depósito 30.11.2020   BNPHU PD 658.4033 L865m 1989 38305-20 30.11.2020 30.11.2020 Libro Donado por FUNDI e.2
    Dewey Decimal Classification Préstamo en sala   Dominicana de Servicio Biblioteca Nacional Pedro Henríquez Ureña Biblioteca Nacional Pedro Henríquez Ureña Depósito 30.11.2013   BNPHU DS 658.4033 L865m 1989 38305-30 30.11.2020 30.11.2020 Libro Donado por familia Reyes Duluc e.3
    Dewey Decimal Classification Préstamo en sala   Dominicana de Servicio Biblioteca Nacional Pedro Henríquez Ureña Biblioteca Nacional Pedro Henríquez Ureña Depósito 14.07.2023   BNPHU DS 658.4033 L865m 2023-4880 14.07.2023 14.07.2023 Libro   e.4

Powered by Koha